"Minél elégedettebb a munkás, annál hatékonyabb tényezője a termelésnek" Robert R. Hyde, az angol ipari jóléti szövetség igazgatója Szegeden
Elmentve itt :
| Dokumentumtípus: | Cikk |
|---|---|
| Megjelent: |
1937-11-12
|
| Sorozat: | Délmagyarország
13 No. 258 |
| Kulcsszavak: | Hyde Robert R., Munkások helyzete, Szociálpolitika Szeged |
| Online Access: | http://dmarchiv.bibl.u-szeged.hu/49780 |
| LEADER | 00572nab a2200145 i 4500 | ||
|---|---|---|---|
| 001 | delm49780 | ||
| 005 | 20180927134838.0 | ||
| 008 | 180927s1937 hu o 0|| hun d | ||
| 040 | |a SZTE Délmagyarország Archívum |b hun | ||
| 041 | |a hun | ||
| 245 | 0 | 0 | |a "Minél elégedettebb a munkás, annál hatékonyabb tényezője a termelésnek" |h [elektronikus dokumentum] : |b Robert R. Hyde, az angol ipari jóléti szövetség igazgatója Szegeden |
| 260 | |c 1937-11-12 | ||
| 300 | |a 4 | ||
| 490 | 0 | |a Délmagyarország |v 13 No. 258 | |
| 695 | |a Hyde Robert R., Munkások helyzete, Szociálpolitika Szeged | ||